Statistics for Popular sports and martial arts

Click here to take the quiz!

General Stats

  • This quiz has been taken 45 times
  • The average score is 13 of 35

Answer Stats

Answer% Correct
bbasketball
87%
bfootball
87%
mkarate
79%
bbaseball
71%
mjudo
71%
rtennis
71%
mtae kwondo
63%
ovolleyball
61%
mboxing
58%
wswimming
58%
bhockey
55%
wiskiing
55%
rbadminton
53%
wwater polo
53%
brugby
50%
bcricket
47%
wisnowboarding
42%
rsquash
34%
rtable tennis
34%
mkickboxing
32%
ogolf
29%
wiice hockey
29%
mjujitsu
24%
wsurfing
24%
wiice skating
18%
oathletics
8%
ohorse riding
8%
rracquetball
8%
osnooker
8%
wcanoeing
5%
meskrima
3%
wkayaking
3%
brounders
3%
wisledding
3%
obowls
0%

Score Distribution

Percentile by Number Answered

Percent of People with Each Score

Your Score History

You have not taken this quiz